Contemporary education : A comparative study of national systems (Record no. 1332645)

MARC details
000 -LEADER
fixed length control field 00666nam a2200217Ia 4500
005 - DATE AND TIME OF LATEST TRANSACTION
control field 20250508151857.0
008 - FIXED-LENGTH DATA ELEMENTS--GENERAL INFORMATION
fixed length control field 008 250505s9999 xx 000 0 eng d
037 ## - SOURCE OF ACQUISITION
Stock number TextBook
040 ## - CATALOGING SOURCE
Original cataloging agency FEDL
Language of cataloging eng
Transcribing agency FEDL
041 ## - LANGUAGE CODE
Language code of text/sound track or separate title eng
Source of code eng
084 ## - COLON CLASSIFICATION NUMBER
Classification number 370.9, CRA
Assigning agency FEDL
100 ## - MAIN ENTRY--PERSONAL NAME
Personal name Cramer John Francis
9 (RLIN) 93875
245 #0 - TITLE STATEMENT
Title Contemporary education : A comparative study of national systems
260 ## - PUBLICATION, DISTRIBUTION, ETC.
Place of publication, distribution, etc. New York, USA
Name of publisher, distributor, etc. Harcourt, Brace and Company
Date of publication, distribution, etc. 1956
300 ## - PHYSICAL DESCRIPTION
Extent xvi,637p
365 ## - TRADE PRICE
Price type code INR
Price amount 45
650 ## - SUBJECT ADDED ENTRY--TOPICAL TERM
Topical term or geographic name entry element Education
700 ## - ADDED ENTRY--PERSONAL NAME
Personal name Browne George Stephenson Spalding Willard B
9 (RLIN) 760248
942 ## - ADDED ENTRY ELEMENTS (KOHA)
Koha item type Textbook
Classification part 370.9, CRA
Holdings
Withdrawn status Lost status Damaged status Not for loan Home library Current library Date acquired Cost, normal purchase price Total Checkouts Full call number Barcode Date last seen Price effective from Koha item type
        Department of Education Library Department of Education Library 2025-05-08 45.00   370.9, CRA EL0013853 2025-05-08 2025-05-08 Textbook
Copyright @ Delhi University Library System